Statistics for Luke Combs - Beautiful Crazy Lyrics

Click here to take the quiz!

General Stats

  • This quiz has been taken 995 times
  • The average score is 186 of 210

Answer Stats

Lyric% Correct
a
98%
She
98%
she
98%
Her
97%
her
97%
me
97%
beautiful
96%
Beautiful
96%
crazy
96%
on
95%
take
95%
and
94%
And
94%
But
94%
but
94%
that
94%
the
94%
The
94%
to
93%
amaze
92%
can't
92%
Can't
92%
help
92%
She's
92%
she's
92%
way
92%
coffee
91%
day
91%
for
91%
starts
91%
with
91%
wine
90%
ends
89%
get
89%
dances
88%
heart
88%
never
88%
time
88%
afraid
87%
ain't
87%
anything
87%
chances
87%
forever
87%
ready
87%
sleeve
87%
wears
86%
in
85%
is
85%
look
85%
Takes
85%
come
83%
drives
83%
eyes
83%
so
83%
wild
82%
Yeah
82%
gets
81%
it
81%
go
80%
getting
79%
out
77%
scares
77%
wait
77%
couch
75%
tv
74%
falls
73%
kinda
73%
watch
73%
weekend
73%
asleep
72%
stay
72%
changes
71%
mind
71%
makes
70%
let's
69%
plans
69%
says
67%
unforgettable
64%
Until
63%
unpredictable
62%
I'm
60%
fool
58%
unusual
58%
such
57%
unbelievable
57%
how
52%
It's
52%

Score Distribution

Percentile by Number Answered

Percent of People with Each Score

Your Score History

You have not taken this quiz